000
00289nam a2200121Ia 4500
005
20251222155059.0
008
251222s9999||||xx |||||||||||||| ||spa||
082
_a
EDUM.16
100
_a
RODRIGUEZ DE LOS.
245
0
_a
DiseƱo de estrategias de aprendizaje
264
_b
URP
942
_c
LIB
999
_c
37588
_d
37588